书目信息 |
| 题名: |
Visual FoxPro程序设计教程
|
|
| 作者: | 赵歆 主编 | |
| 分册: | ||
| 出版信息: | 北京 北京交通大学出版社 2005.02 |
|
| 页数: | 376页 | |
| 开本: | 26cm | |
| 丛书名: | 21世纪高等学校电子信息类专业规划教材 | |
| 单 册: | ||
| 中图分类: | TP311.138 | |
| 科图分类: | ||
| 主题词: | 关系数据库--数据库管理系统--Visual FoxPro--高等学校--教材 | |
| 电子资源: | ||
| ISBN: | 7-81082-474-0 | |
| 000 | 00876nam 2200241 450 | |
| 001 | 010234611884 | |
| 005 | 20051214094653.88 | |
| 010 | @a7-81082-474-0@dCNY32.00 | |
| 100 | @a20050601d2005 km y0chiy0120 ea | |
| 101 | 0 | @achi |
| 102 | @aCN@b110000 | |
| 105 | @aa z 000yy | |
| 200 | 1 | @aVisual FoxPro程序设计教程@AVisual FoxPro cheng xu she ji jiao cheng@f赵歆主编@Fzhao xin zhu bian |
| 210 | @a北京@c北京交通大学出版社@c清华大学出版社@d2005.02 | |
| 215 | @a376页@c图@d26cm | |
| 225 | 2 | @a21世纪高等学校电子信息类专业规划教材 |
| 330 | @a本书主要内容涉及数据库基本操作、数据库编程技术和数据库应用系统开发等。 | |
| 410 | 0 | @12001 @a21世纪高等学校电子信息类专业规划教材 |
| 606 | 0 | @a关系数据库@x数据库管理系统@xVisual FoxPro@x高等学校@x教材 |
| 690 | @aTP311.138@v4 | |
| 701 | 0 | @a赵歆@Azhao xin@4主编 |
| 801 | 0 | @aCN@bQSSK@c20051214 |
| 905 | @a10447@dTP311.138@eZ337 | |
| Visual FoxPro程序设计教程/赵歆主编.-北京:北京交通大学出版社:清华大学出版社,2005.02 |
| 376页:图;26cm.-(21世纪高等学校电子信息类专业规划教材) |
| ISBN 7-81082-474-0:CNY32.00 |
| 本书主要内容涉及数据库基本操作、数据库编程技术和数据库应用系统开发等。 |
| ● |
| 相关链接 |
|
|
|
正题名:Visual FoxPro程序设计教程
索取号:TP311.138/Z337
 
预约/预借
| 序号 | 登录号 | 条形码 | 馆藏地/架位号 | 状态 | 备注 |
| 1 | 529661 | 205296614 | 自科库301/301自科库 49排1列3层/ [索取号:TP311.138/Z337] | 在馆 | |
| 2 | 529662 | 205296623 | 自科二线404/404自科库 11排4列6层/ [索取号:TP311.138/Z337] | 在馆 | |
| 3 | 529663 | 205296632 | 自科库301/301自科库 49排1列3层/ [索取号:TP311.138/Z337] | 在馆 | |
| 4 | 548330 | 205483305 | 期刊室512/301自科库 71排2列4层/ [索取号:TP311.138/Z337] | 在馆 | |
| 5 | 548331 | 205483314 | 期刊室512/301自科库 71排2列4层/ [索取号:TP311.138/Z337] | 在馆 | |
| 6 | 548332 | 205483323 | 自科二线404/404自科库 13排6列6层/ [索取号:TP311.138/Z337] | 在馆 |